000 00423nam a2200181Ia 4500
001 12858
005 20260306163011.0
008 260306t2007||||xx |||||||||||||| ||spa||
041 _aESP
082 _aRD 370.3
_bP43
100 _aPerrone, Graciela
_eAUT
245 0 _aDiccionario de Educación
260 _c2007
300 _a421 páginas :
_c24 cm.
650 _aGEN
654 _aCED
942 _cDIC
_dJUS
_fJUS
_2ddc
_n
999 _c12858
_d12858